كتب غيرت الفكر الانساني / (Record no. 14945)
[ view plain ]
| 000 -الفاتح | |
|---|---|
| حقل البيانات ثابتة الطول | 00818nam a22001817a 4500 |
| 008 - عناصر البيانات ثابتة الطول - معلومات عامة | |
| حقل البيانات ثابتة الطول | 110122s1997 ua|||||r|||| 000 1 ara d |
| 020 ## - الرقم الدولى المعيارى للكتب | |
| الرقم الدولى المعيارى للكتاب | 9770153524 |
| 082 ## - رقم تصنيف ديوى العشرى | |
| رقم التصنيف | 028.1 |
| رقم المادة | ش ن و |
| 100 ## - المدخل الرئيسى - إسم شخصى | |
| 9 (RLIN) | 22139 |
| الإسم الشخصى | الشنواني ، أحمد محمد |
| 245 ## - بيان العنوان | |
| العنوان | كتب غيرت الفكر الانساني / |
| بيان المسئوليه,etc | أحمد محمد الشنواني |
| 260 ## - PUBLICATION, DISTRIBUTION, ETC. (IMPRINT) | |
| مكان الناشر او الموزع | القاهرة : |
| اسم الناشر او الموزع | الهيئة المصرية العامة للكتاب ، 1997 |
| تاريخ النشر أو التوزيع | 1997 |
| 300 ## - الوصف المادى | |
| التعداد | 215 ص ؛ |
| أبعاد الوعاء | 20 سم |
| 490 ## - بيان السلسلة | |
| -- | 14508 |
| عنوان السلسلة | مكتبة الأسرة |
| -- | الأعمال الفكرية |
| 541 ## - تبصرة المصدر المباشر للتزويد | |
| مصدر التزويد | د. باسم احمد ؛ |
| طريقة التزويد | إهداء ؛ |
| 650 ## - المدخل الاضافى بالموضوع-مصطلح موضوعى | |
| 9 (RLIN) | 22140 |
| مصطلح موضوعي أو اسم جغرافي كعنصر مدخل | الكتب |
| التقسيم الفرعي العام | عروض |
| 942 ## - عناصر المدخل الإضافي( كوها) | |
| مصدر التصنيف او مخطط الترفيف | Dewey Decimal Classification |
| Koha [default] item type | Book - Borrowing |
| حالة التراجع | حالة الفقد | مصدر التصنيف او خطة الترفيف | حالة تلف | ليس للاعارة | مجموعات كوها | المكان الدائم | المكان الحالي | موقع الترفيف | تاريخ الاكتساب | Source of acquisition | رقم الاستدعاء | الباركود | Date last seen | نوع الوعاء |
|---|---|---|---|---|---|---|---|---|---|---|---|---|---|---|
| Dewey Decimal Classification | Central Library | Central Library | Lower Floor | 22/01/2011 | Donation | 028.1 ش ن و | 000022780 | 15/07/2025 | Book - Borrowing |